| 000 | 00799nam a22002417a 4500 | ||
|---|---|---|---|
| 003 | dpl | ||
| 005 | 20180607173950.0 | ||
| 008 | 180607b xxu||||| |||| 00| 0 eng d | ||
| 010 | _aB-230193 | ||
| 020 |
_c225.00 _a8183570003 |
||
| 035 | _aB-230193, B-230203 | ||
| 037 | _bCen Lib/Ret | ||
| 040 |
_aDPL _bEN _c0 |
||
| 082 |
_a808.4 _bUNI |
||
| 245 |
_aUnique quintessence of a compendium of essays : _cedited by S. Sen...[et al.]. _bstrictly according to the latest syllabus / |
||
| 260 |
_aNew Delhi _bUnique publishers _c2008 |
||
| 270 |
_bNew Delhi _aII-M/15, Lajpat Nagar _e110002 |
||
| 300 |
_a749p. _c21cm(Hb) |
||
| 650 |
_aEssays--National issues _924046 |
||
| 650 |
_aEssays--International issues _924047 |
||
| 700 |
_aSen, S. _924048 |
||
| 942 |
_2ddc _cEN _h808.4 _mUNI |
||
| 999 |
_c136097 _d136097 |
||